Najludniejsze kraje w 1950 - Statystyki

Ogólne statystyki
  • Ten quiz został rozwiązany 52 razy
  • Średni wynik to 7 z 10
Statystyki odpowiedzi
Kraj % Poprawnych
Chiny
100%
USA
100%
Indie
98%
Brazylia
91%
Japonia
83%
Wielka Brytania
79%
ZSRR
72%
Indonezja
64%
Pakistan
53%
Niemcy Zachodnie
2%
Nie znaleziono quizów pasujących do podanych kryteriów
Rozkład punktacji
Procent ludzi z każdym wynikiem
Percentyl według liczby udzielonych odpowiedzi
Twoja historia wyników
Nie rozwiązałeś tego quizu